#7 Arrêts du Conseil d'État L2 - Statistiques

Statistiques générales
  • Ce quiz a été pris 2 fois
  • Le résultat moyen est 5 sur 21
Statistiques - réponses
Arrêt Réponse % Correct
Les lignes directrices sont susceptibles de recours CE, sect, 12 juin 2020, GISTI
100%
Dans le cadre de l'article 16 de la Constitution, un acte pris par le Président de la République prenant des mesures relevant du domaine de la loi, est un acte administratif CE, 2 mars 1962, Rubin de Servens, GAJA
50%
Un acte de droit souple, pris par une autorité de régulation, peut faire grief et est susceptible de recours pour excès de pouvoir à condition qu'il soit de nature à produire des effets notables ou qu'il ait pour objet d'influer de manière significative sur le comportement des personnes auxquelles il s'adresse CE, ass, 21 mars 2016, Société Fairvesta International GbmH et autres
50%
Un acte de droit souple, pris par une autorité de régulation, peut faire grief et est susceptible de recours pour excès de pouvoir à condition qu'il soit de nature à produire des effets notables ou qu'il ait pour objet d'influer de manière significative sur le comportement des personnes auxquelles il s'adresse CE, ass, 21 mars 2016, Société NC Numéricable
50%
Les décisions prisent par une catégorie d'institutions créées par le Régime de Vichy constituent des actes administratifs car elles ont été prises pour l'exécution de leur mission de service public administratif CE, ass, 2 avril 1943, Bouguen, GAJA
50%
Les décisions prisent par une catégorie d'institutions créées par le Régime de Vichy constituent des actes administratifs car elles ont été prises pour l'exécution de leur mission de service public administratif CE, ass, 31 juillet 1942, Monpeurt, GAJA
50%
L'Assemblée nationale peut émettre des actes administratifs notamment pour son fonctionnement CE, ass, 5 mars 1999, Président de l'Assemblée nationale, GAJA
50%
Création des "lignes directrices" sous le nom de "directives" ce sont des actes par lesquels une autorité administrative investie d'un pouvoir discrétionnaire fait connaître les critères généraux auxquels elle entend subordonner ses décisions, sans pour autant s'interdire d'y déroger si un cas particulier lui parait l'exiger CE, sect, 11 décembre 1970, Crédit Foncier de France, GAJA
50%
Sont susceptibles de recours dès lors qu'elles peuvent avoir des "effets notables sur les droits ou la situation" sur les personnes autres que les personnes chargées de les mettre en œuvre, c'est-à-dire les administrés ; ainsi, certaines circulaires non impératives peuvent être concernées CE, sect, 18 décembre 2002, Mme Duvignères
50%
Transférer ou non un étudiant d'un groupe de TD à un autre est une mesure interne à l'université qui n'est pas susceptible de recours CE, 11 janvier 1967, Bricq
0%
Une décision ne peut être regardée comme mesure d'ordre intérieur que si, eu égard à sa nature et à l'importance de ses effets, elle n'affecte pas substantiellement la situation juridique du détenu ou l'exercice de ses droits et libertés fondamentaux CE, 14 décembre 2007, Boussouar, Planchenault, Payet
0%
Une association gérant un service public ne publie pas d'actes administratifs lorsque la norme ne s'impose pas à ses destinataires et qu'elle ne traduit pas l'exercice d'une prérogative de puissance publique CE, 17 février 1992, Soc. Textron
0%
L'expression "lignes directrices" est adopté pour éviter la confusion avec les directrices de l'UE CE, 19 septembre 2014, M. Jousselin
0%
Le Conseil d'État juge que la réorganisation des services d'achat d'EDF n'affecte pas l'organisation du service public de l'électricité lui-même, mais uniquement la gestion interne d'une entreprise chargée de ce service public CE, 23 juin 2010, Comité mixte à la production de la direction des achats d'EDF
0%
Une FAQ disponible sur le site internet de la CNIL constitue un acte de droit souple et est susceptible de recours pour excès de pouvoir CE, 8 avril 2022, Syndicat national du marketing à la performance
0%
Les punitions d'isolement de l'armée ne sont plus de simples mesures d'ordre intérieur et doit être considéré comme faisant grief CE, ass, 17 février 1995, Hardouin
0%
L'isolement en cellule ne peut plus être regardée comme une simple mesure d'ordre intérieur à la prison, mais comme une décision faisant grief, susceptible de recours pour recours pour excès de pouvoir CE, ass, 17 février 1995, Marie
0%
Le Conseil d'État a élargit le champ de la jurisprudence Fairvesta à tous les actes de droit souple, qu'ils soient adoptés par une autorité de régulation ou quelconque autorité administrative CE, ass, 19 juillet 2019, Mme Le Pen
0%
Le premier critère de recevabilité du recours pour excès de pouvoir fondé sur le caractère normatif de la circulaire CE, ass, 29 janvier 1954, Institution Notre-Dame du Kreisker
0%
La notation des magistrats est la compétence du Conseil d'État et non plus du juge judiciaire CE, ass, 31 janvier 1975, Volff et Exertier
0%
Un organisme de droit privé chargé d'une mission de service public administratif a la compétence de prendre des décisions de nature administrative pour les besoins de sa mission de service public CE, sect, 13 janvier 1961, Magnier
0%
Aucun quiz correspondant
Distribution des résultats
% des personnes avec chaque résultat
Percentile par nombre de réponses
Votre historique - résultats
Vous n’avez pas pris ce quiz